<?xml version="1.0" encoding="UTF-8"?>
<record
    xmlns:xsi="http://www.w3.org/2001/XMLSchema-instance"
    xsi:schemaLocation="http://www.loc.gov/MARC21/slim http://www.loc.gov/standards/marcxml/schema/MARC21slim.xsd"
    xmlns="http://www.loc.gov/MARC21/slim">

  <leader>04212nam a2200409 a 4500</leader>
  <controlfield tag="003">CHAP</controlfield>
  <controlfield tag="005">20250813170430.0</controlfield>
  <controlfield tag="007">ta</controlfield>
  <controlfield tag="008">220117s2000xx  mx ado frm000 0 1n0 spa d</controlfield>
  <datafield tag="010" ind1=" " ind2=" ">
    <subfield code="a">186380</subfield>
  </datafield>
  <datafield tag="040" ind1=" " ind2=" ">
    <subfield code="a">mxchpua</subfield>
    <subfield code="c">CHAP</subfield>
    <subfield code="e">rda</subfield>
  </datafield>
  <datafield tag="041" ind1="0" ind2=" ">
    <subfield code="a">spa</subfield>
    <subfield code="b">eng</subfield>
  </datafield>
  <datafield tag="090" ind1=" " ind2=" ">
    <subfield code="a">Tesis </subfield>
    <subfield code="b">S26 </subfield>
    <subfield code="c">2000</subfield>
  </datafield>
  <datafield tag="100" ind1="1" ind2=" ">
    <subfield code="a">S&#xE1;nchez Medina, Delia Guadalupe</subfield>
  </datafield>
  <datafield tag="240" ind1="1" ind2="0">
    <subfield code="a">Stirred yogurt textural evaluation, processed by nonconventional mixed systems.</subfield>
    <subfield code="l">Espa&#xF1;ol</subfield>
  </datafield>
  <datafield tag="245" ind1="1" ind2="0">
    <subfield code="a">Evaluaci&#xF3;n textural de yogurt batido, elaborado mediante sistemas de mezclado no convencionales /</subfield>
    <subfield code="c">Delia Guadalupe S&#xE1;nchez Medina</subfield>
  </datafield>
  <datafield tag="264" ind1=" " ind2=" ">
    <subfield code="a">Chapingo, M&#xE9;xico :</subfield>
    <subfield code="b">El autor,</subfield>
    <subfield code="c">2000</subfield>
  </datafield>
  <datafield tag="300" ind1=" " ind2=" ">
    <subfield code="a">v, 72 hojas :</subfield>
    <subfield code="b">ilustraciones, gr&#xE1;ficas, tablas, fotos</subfield>
  </datafield>
  <datafield tag="336" ind1=" " ind2=" ">
    <subfield code="2">rdacontent</subfield>
    <subfield code="a">texto</subfield>
    <subfield code="b">txt</subfield>
  </datafield>
  <datafield tag="337" ind1=" " ind2=" ">
    <subfield code="2">rdamedia</subfield>
    <subfield code="a">no mediado</subfield>
    <subfield code="b">n</subfield>
  </datafield>
  <datafield tag="338" ind1=" " ind2=" ">
    <subfield code="2">rdacarrier</subfield>
    <subfield code="a">volumen</subfield>
    <subfield code="b">nc</subfield>
  </datafield>
  <datafield tag="502" ind1=" " ind2=" ">
    <subfield code="a">Tesis</subfield>
    <subfield code="b">(Ingeniero Agroindustrial) -- </subfield>
    <subfield code="c">UACh. Departamento de Ingenier&#xED;a Agroindustrial,</subfield>
    <subfield code="d">2000</subfield>
  </datafield>
  <datafield tag="504" ind1=" " ind2=" ">
    <subfield code="a">Bibliograf&#xED;as: hojas 67-72</subfield>
  </datafield>
  <datafield tag="520" ind1="3" ind2=" ">
    <subfield code="a">Poco se conoce acerca de los efectos que tienen las t&#xE9;cnicas de agitaci&#xF3;n sobre las propiedades texturales de yogur batido, por lo que el objetivo de este trabajo fue evaluar las modificaciones que sufre el yogur al utilizar diferentes velocidades de agitaci&#xF3;n durante su enfriamiento con m&#xE9;todos no convencionales. Mediante un dise&#xF1;o experimental de bloques al azar, se elaboraron diferentes tratamientos a partir de leche en polvo con 2.7% de prote&#xED;na y 2.6% de grasa, utilizando un tanque con un agitador helicoidal y otro con un sistema doble de agitaci&#xF3;n (h&#xE9;lice y ancla), las velocidades de agitaci&#xF3;n fueron 15, 30 y 45 rpm para el tanque 1 y 10/10, 20/10 y 30/10 rpm para el tanque 2. Los par&#xE1;metros texturales de fracturabilidad, dureza, adhesividad y cohesividad fueron analizados en un textur&#xF3;metro TA-XT2; se determin&#xF3; tambi&#xE9;n grasa (Gerber), prote&#xED;na (Kjieldhal) y sin&#xE9;resis. Al modificar las velocidades y el tipo de agitador se obtuvo que los tratamientos 0 y 45 fueron los que presentaron los valores m&#xE1;s altos de fracturabilidad, adhesividad y cohesividad, adem&#xE1;s de los menores valores de sin&#xE9;resis. No existiendo diferencias en las determinaciones de grasa y prote&#xED;na. Por lo que el uso de agitadores helicoidales y velocidades de 45 rpm permiten obtener un producto m&#xE1;s firme, con menor porcentaje de sin&#xE9;resis y sin grumos.&#xA0;--</subfield>
  </datafield>
  <datafield tag="520" ind1="3" ind2=" ">
    <subfield code="a">Little it is known about the effects that have the agitation techniques on the textural properties of stirred yogurt, that is why the objective of this work was to evaluate the modifications that undergos yogurt when are used different speeds of agitation with nonconventional methods. By means of an experimental design in blocks at random, different treatmernts from powdered milk were made with 2.7% of protein, 2.6% of fat, using a tank with a helicoidal agitator and another one with a double system of agitation (helix and anchor), the speeds of agitation were 15, 30 and 45 rpm for tank 1 and 10/10, 20/10 and 30/10 rpm for tank 2. The textural parameters of breakability, hardness, adhesiveness and cohesiveness were analyzed in a texturemeter TA-XT2; fat (Gerber), protein (Kjieldhal) and syneresis were also determined. When the speeds and the kind of the agitator were modified it was resulted that treatment 0 and 45 are those that presented the highest values of breakability, adhesiveness and cohesiveness, in addition to the smaller values of syneresis. There were not differences in fat and protein determinations. The use of helical agitators and speeds of 45 rpm allow obtain a firmer product, with smaller percentage of synergy and without clots.&#xA0;</subfield>
  </datafield>
  <datafield tag="650" ind1="1" ind2="3">
    <subfield code="a">Yogur</subfield>
    <subfield code="x">Evaluaci&#xF3;n sensorial de los alimentos  </subfield>
    <subfield code="2">atg</subfield>
  </datafield>
  <datafield tag="650" ind1="1" ind2="3">
    <subfield code="a">Mezcladoras</subfield>
    <subfield code="x">Maquinaria de procesamiento de alimentos</subfield>
    <subfield code="2">atg</subfield>
  </datafield>
  <datafield tag="650" ind1="1" ind2="3">
    <subfield code="a">Yogurt</subfield>
    <subfield code="x">Sensory evaluation</subfield>
    <subfield code="2">atg</subfield>
  </datafield>
  <datafield tag="650" ind1="1" ind2="3">
    <subfield code="a">Mixers</subfield>
    <subfield code="x">Food processing equipment</subfield>
    <subfield code="2">atg</subfield>
  </datafield>
  <datafield tag="700" ind1="1" ind2=" ">
    <subfield code="a">Aguirre Mandujano, Eleazar</subfield>
    <subfield code="e">director</subfield>
  </datafield>
  <datafield tag="700" ind1="1" ind2=" ">
    <subfield code="a">Espinosa Solares, Teodoro</subfield>
    <subfield code="e">asesor</subfield>
  </datafield>
  <datafield tag="700" ind1="1" ind2=" ">
    <subfield code="a">Villegas de Gante, Abraham Zacarias</subfield>
    <subfield code="e">asesor</subfield>
  </datafield>
  <datafield tag="901" ind1=" " ind2=" ">
    <subfield code="a">TESIS S26 2000</subfield>
  </datafield>
  <datafield tag="942" ind1=" " ind2=" ">
    <subfield code="2">Clasificaci&#xF3;n Universidad Aut&#xF3;noma Chapingo</subfield>
    <subfield code="c">TESIS</subfield>
  </datafield>
  <datafield tag="999" ind1=" " ind2=" ">
    <subfield code="c">186380</subfield>
    <subfield code="d">186380</subfield>
  </datafield>
  <datafield tag="952" ind1=" " ind2=" ">
    <subfield code="0">0</subfield>
    <subfield code="1">0</subfield>
    <subfield code="2">local</subfield>
    <subfield code="4">0</subfield>
    <subfield code="5">1</subfield>
    <subfield code="7">0</subfield>
    <subfield code="8">TESIS</subfield>
    <subfield code="a">IA_</subfield>
    <subfield code="b">IA_</subfield>
    <subfield code="d">2025-08-13</subfield>
    <subfield code="e">El autor</subfield>
    <subfield code="l">0</subfield>
    <subfield code="o">Tesis S26 2000</subfield>
    <subfield code="p">1101015810</subfield>
    <subfield code="r">2026-02-02 00:00:00</subfield>
    <subfield code="t">Ej. 1</subfield>
    <subfield code="w">2025-08-13</subfield>
    <subfield code="y">TESIS</subfield>
  </datafield>
  <datafield tag="952" ind1=" " ind2=" ">
    <subfield code="0">0</subfield>
    <subfield code="1">0</subfield>
    <subfield code="2">local</subfield>
    <subfield code="4">0</subfield>
    <subfield code="5">5</subfield>
    <subfield code="7">0</subfield>
    <subfield code="8">TESIS</subfield>
    <subfield code="a">IA_</subfield>
    <subfield code="b">IA_</subfield>
    <subfield code="d">2025-08-13</subfield>
    <subfield code="e">El autor</subfield>
    <subfield code="l">0</subfield>
    <subfield code="o">Tesis S26 2000</subfield>
    <subfield code="p">1101015811</subfield>
    <subfield code="r">2026-02-02 00:00:00</subfield>
    <subfield code="t">Ej. 2</subfield>
    <subfield code="w">2025-08-13</subfield>
    <subfield code="y">TESIS</subfield>
  </datafield>
</record>
